Satisfactory minerais-métaux - Statistiques

Statistiques générales
  • Ce quiz a été pris 87 fois
  • Le résultat moyen est 6 sur 15
Statistiques - réponses
Hint Réponse % Correct
1 lingot de Fer
98%
2 lingot de Cuivre
92%
3 Charbon
80%
7 Uranium
51%
4 lingot de Caterium
48%
12 Calcaire
46%
8 Lingot d'acier
42%
5 lingot de aluminium
34%
6 SAM
23%
14 Silice
20%
10 Béton
17%
13 Quarts brut
8%
11 Cristal de quartz
5%
15 Poudre de cuivre
5%
9 Lingot de Ficsite
2%
Aucun quiz correspondant
Distribution des résultats
% des personnes avec chaque résultat
Percentile par nombre de réponses
Votre historique - résultats
Vous n’avez pas pris ce quiz